• 首页
  • 本馆介绍
  • 公告通知
  • 最新文献
  • 馆藏检索
  • 电子资源
  • 读者导购
  • 参考咨询
  • 我的图书馆
  • 登录
  • 详细信息显示
  • 放入我的书架
  • 预约/预借图书
  • 作者相关作品
  • 分类相关作品
  • 丛书相关作品
  • 出版社相关作品

书目信息

  • 表格格式
  • 工作单格式
  • 卡片格式
题名:
经典美剧叙事研究
    
 
作者: 潘桦 主编
分册:  
出版信息: 北京   中国广播影视出版社  2019
页数: 412页
开本: 26cm
丛书名: 中国传媒大学“潘桦导演工作室”系列丛书
单 册:
中图分类: J905.712
科图分类:
主题词: 电视剧--dian shi ju--叙述--研究--美国
电子资源:
ISBN: 978-7-5043-8232-0
000 01461nam 2200301 45
001 012001009279
005 20191029104918.07
010    @a978-7-5043-8232-0@dCNY70.00
099    @aCAL 012019082959
100    @a20190425d2019 em y0chiy50 ea
101 0  @achi
102    @aCN@b110000
105    @aa a 000yy
106    @ar
200 1  @a经典美剧叙事研究@Ajing dian mei ju xu shi yan jiu@d= The art of storytelling in the classic American TV series@f潘桦主编@zeng
205    @a第2版
210    @a北京@c中国广播影视出版社@d2019
215    @a412页@c图@d26cm
225 2  @a中国传媒大学“潘桦导演工作室”系列丛书@Azhong guo chuan mei da xue“pan hua dao yan gong zuo shi”xi lie cong shu@v4
320    @a有书目 (第407-409页)()
330    @a本书是国内第一部系统剖析美剧创作案例的专著。涵盖美剧进入中国后最经典的6部代表作品:《生活大爆炸》《越狱》《迷失》《绝望的主妇》《犯罪现场调查》《24小时》。每篇都提炼了一个“叙事关键词”和一个“主题关键词”。围绕这两个关键词,剖析每部剧集影像叙事奥秘的层层玄妙,读解其背后的独特立意及反思美剧带给国产电视剧的创作启示,总结出当代经典美剧神秘莫测、让人流连忘返的“创作法则”。
410  0 @12001 @a中国传媒大学“潘桦导演工作室”系列丛书@v4
510 1  @aArt of storytelling in the classic American TV series@zeng
606 0  @a电视剧@Adian shi ju@x叙述@x研究@y美国
690    @aJ905.712@v5
701  0 @a潘桦@Apan hua@c(女)@4主编
801  0 @aCN@b上海新华@c20191020
905    @b1187589-92@dJ905.712@e371=2@f4
    
    经典美剧叙事研究= The art of storytelling in the classic American TV series/潘桦主编.-第2版.-北京:中国广播影视出版社,2019
    412页:图;26cm.-(中国传媒大学“潘桦导演工作室”系列丛书;4)
    
    
    ISBN 978-7-5043-8232-0:CNY70.00
    本书是国内第一部系统剖析美剧创作案例的专著。涵盖美剧进入中国后最经典的6部代表作品:《生活大爆炸》《越狱》《迷失》《绝望的主妇》《犯罪现场调查》《24小时》。每篇都提炼了一个“叙事关键词”和一个“主题关键词”。围绕这两个关键词,剖析每部剧集影像叙事奥秘的层层玄妙,读解其背后的独特立意及反思美剧带给国产电视剧的创作启示,总结出当代经典美剧神秘莫测、让人流连忘返的“创作法则”。
●
相关链接 在E读中查询图书 在五车中查询图书 在当当中查询图书 在豆瓣中查询图书


正题名:经典美剧叙事研究     索取号:J905.712/371=2         预约/预借

序号 登录号 条形码 馆藏地/架位号 状态 备注
1 1187589   211875899   第一样本阅览室/ [索取号:J905.712/371=2] 在馆    
2 1187590   211875906   第一借阅区/ [索取号:J905.712/371=2] 在馆    
3 1187591   211875915   第一借阅区/ [索取号:J905.712/371=2] 在馆    
4 1187592   211875924   第一借阅区/ [索取号:J905.712/371=2] 在馆    
唐山师范学院图书馆 欢迎您!
大连网信软件有限公司© 版权所有